Welcome to the Holygrace Academy Library

Please use search bar below to get started

ADVANCED INTEGRALCALCULUS (Record no. 1307)

MARC details
000 -LEADER
fixed length control field 00415nam a22001697a 4500
020 ## - INTERNATIONAL STANDARD BOOK NUMBER
ISBN 91-7556-140-8
082 ## - DEWEY DECIMAL CLASSIFICATION NUMBER
Classification number 510
Item number GOY/A
100 ## - MAIN ENTRY--AUTHOR NAME
Personal name GOYAL,J.K
100 ## - MAIN ENTRY--AUTHOR NAME
Personal name GUPTA, K.P
245 ## - TITLE STATEMENT
Title ADVANCED INTEGRALCALCULUS
Remainder of title MATHEMATICS
246 ## - VARYING FORM OF TITLE
Title proper/short title ADVANCED INTEGRALCALCULUS
Remainder of title MATHEMATICS
260 ## - PUBLICATION, DISTRIBUTION, ETC. (IMPRINT)
Place of publication MEERUT
Name of publisher PRAGATI PRAKASAN
Year of publication 2002
300 ## - PHYSICAL DESCRIPTION
Number of Pages 327
520 ## - SUMMARY, ETC.
Summary, etc MATHEMATICS
650 ## - SUBJECT ADDED ENTRY--TOPICAL TERM
Topical Term MATHEMATICS
942 ## - ADDED ENTRY ELEMENTS (KOHA)
Koha item type Books
Holdings
Withdrawn status Lost status Collection code Home library Current library Shelving location Date acquired Source of acquisition Cost, normal purchase price Full call number Accession Number Koha item type
    Reference Main Library Main Library SHELF-5 B REFERENCE MATHS 23/10/2006 Purchase 70.00 510 GOY/A 03344 Books